Sociedad 4 ; República Dominicana hoy: (Registro nro. 9610)

Detalles MARC
000 -LIDER
fixed length control field 01985nam a2200385 a 4500
001 - NÚMERO DE CONTROL
Identificador de número de control 00003832
003 - IDENTIFICACDOR DE NÚMERO DE CONTROL
control field DO-SdBNP
005 - DATE AND TIME OF LATEST TRANSACTION
control field 20180309083328.0
007 - CAMPOS FIJOS DE DESCRIPCIÓN FÍSICA
fixed length control field 00003832
008 - ELEMENTOS DE LONGITUD FIJA
fixed length control field 091118s2014 dr abc 000 0 spa d
020 ## - ISBN
International Standard Book Number 9789945118421
040 ## - FUENTE DE CATALOGACIÓN
Agencia que crea de manera original el registro BPMSU
Idioma de catalogación spa
Agencia que realiza la transcripción BPMSU
092 ## - LOCALLY ASSIGNED DEWEY DECIMAL CALL NUMBER
Número de clasificación 373.83
Número de ítem (Cutter) L166s 4to. 2014
100 1# - ASIENTO PRINCIPAL -- NOMBRE PERSONAL
Nombre personal Lafontaine, Ana Luisa
245 10 - MENCIÓN DE TITULO
Título Sociedad 4 ; República Dominicana hoy:
Subtítulo educación media /
Mención de responsabilidad Ana Luisa Lafontaine, Eric Castro Ricart ; editores Fanny Capellán Almonte , Eric Castro Ricart ; dirección editorial Obdulia García de Escobar y Claudia Llibre.
260 ## - PUBLICACIÓN, DISTRIBUCIÓN, ETC. (PIE DE IMPRENTA)
Lugar de publicación, distribución, etc Santo Domingo :
Nombre del editor, distribuidor, etc. Santillana,
Fecha de publicación, distribución, etc 2014.
300 ## - DESCRIPCIÓN FÍSICA
Extensión 271 p. :
Otros detalles físicos il., mapas., retrs. ;
Dimensiones 28 cm.
490 1# - MENCIÓN DE SERIES
Mención de serie Innova
500 ## - NOTA GENERAL
Nota general Educación /2do./2do. ciclo/Cuarto de bachillerato
505 ## - NOTA DE CONTENIDO
Título Bloque 1.
-- 1. Las luchas por la democracia - 2. El gobierno de Juan Bosch - 3. El golpe de Estado de 1963 - 4. La Guerra de Abril. --
-- Bloque 2.
-- 5. Los doce años - 6. Los gobiernos de 1978-1994 - 7. Gobiernos de 1994 - 2012.
-- Bloque 3.
-- 8. División territorial dominicana - 9. La población dominicana - 10. El sector primario - 11. Industria, transporte ycomunicación - 12. Comercio, turismo y otros servicios.
-- Bloque 4.
-- 13. El espacio urbano - 14. Reforma y globalización - 15. Desarrollo socioeconómico.
650 ## - ENCABEZAMIENTO DE MATERIA--TEMÁTICO
Término temático o nombre geográfico como elemento de entrada CIENCIAS SOCIALES
Subdivisión temática general EDUCACIÓN SECUNDARIA
650 #4 - ENCABEZAMIENTO DE MATERIA--TEMÁTICO
Término temático o nombre geográfico como elemento de entrada CIENCIAS SOCIALES
Subdivisión temática general ESTUDIOS Y EJERCICIOS
650 #4 - ENCABEZAMIENTO DE MATERIA--TEMÁTICO
Término temático o nombre geográfico como elemento de entrada CIENCIAS SOCIALES
Subdivisión temática general LIBROS DE TEXTOS
650 #4 - ENCABEZAMIENTO DE MATERIA--TEMÁTICO
Término temático o nombre geográfico como elemento de entrada EDUCACIÓN SECUNDARIA
Subdivisión geográfica REPÚBLICA DOMINICANA
650 #4 - ENCABEZAMIENTO DE MATERIA--TEMÁTICO
Término temático o nombre geográfico como elemento de entrada CIENCIAS SOCIALES
Subdivisión temática general ENSEÑANZA SECUNDARIA
700 12 - ASIENTO SECUNDARIO -- NOMBRE PERSONAL
Nombre personal Castro Ricart, Eric.
700 12 - ASIENTO SECUNDARIO -- NOMBRE PERSONAL
Nombre personal Capellán Almonte, Fanny,
Mención de responsabilidad ed.
700 12 - ASIENTO SECUNDARIO -- NOMBRE PERSONAL
Nombre personal Garca Escobar, Obdulia,
Mención de responsabilidad ed.
700 12 - ASIENTO SECUNDARIO -- NOMBRE PERSONAL
Nombre personal Llibre, Claudia,
Mención de responsabilidad ed.
830 #0 - ASIENTO SECUNDARIO DE SERIE--TÍTULO UNIFORME
Título uniforme Innova
942 ## - ADDED ENTRY ELEMENTS (KOHA)
Source of classification or shelving scheme Dewey Decimal Classification
Koha item type Libros
945 ## - INFORMACIÓN DE PROCESAMIENTO LOCAL
Información de procesamiento local Remanejado para la BNPHU / 2018 VM
956 ## - LOCAL ELECTRONIC LOCATION AND ACCESS (OCLC)
Nombre de host LOPEREZ
Número de acceso 10
Información de compresión 201604007
Inicio de sesión BPMSU
Procesador de solicitud 0041
956 ## - LOCAL ELECTRONIC LOCATION AND ACCESS (OCLC)
Nombre de host VMATEO
Número de acceso 10
Información de compresión 20150708
Inicio de sesión BPMSU
Procesador de solicitud 00151
Existencias
Withdrawn status Lost status Source of classification or shelving scheme Damaged status Not for loan Collection code Home library Current library Date acquired Source of acquisition Total Checkouts Full call number Barcode Date last seen Price effective from Koha item type Copy number
    Dewey Decimal Classification     Colección Escolar Biblioteca Pública Metropolitana Salomé Ureña Biblioteca Pública Metropolitana Salomé Ureña 04/07/2016 Donación   373.83 L166s 4to. 2014 BPMSU16040183 04/07/2016 04/07/2016 Libros  
    Dewey Decimal Classification     Colección Escolar Biblioteca Pública Metropolitana Salomé Ureña Biblioteca Pública Metropolitana Salomé Ureña 04/07/2016 Donación   373.83 L166s 4to. 2014 BPMSU16040184 04/07/2016 04/07/2016 Libros e. 2